La Lucha campesina: cambios y continuidades /
La movilización campesina durante 1988, producto de los problemas que tuvieron que enfrentar los pequeños y medianos productores: por un lado, los desastres naturales que afectaron las cosechas y por otro, las condiciones básicas que los agricultores requieren para producir continuaron mostrando un...
Uloženo v:
| Hlavní autor: | |
|---|---|
| Médium: | Text |
| Témata: | |
| Tagy: |
Přidat tag
Žádné tagy, Buďte první, kdo vytvoří štítek k tomuto záznamu!
|
MARC
| LEADER | 00000 a a2200000 04500 | ||
|---|---|---|---|
| 001 | 3974 | ||
| 003 | |||
| 040 | |||
| 100 | |a Román Vega, Isabel | ||
| 245 | |a La Lucha campesina: |b cambios y continuidades / |c Isabel Román Vega | ||
| 520 | |a La movilización campesina durante 1988, producto de los problemas que tuvieron que enfrentar los pequeños y medianos productores: por un lado, los desastres naturales que afectaron las cosechas |a y por otro, las condiciones básicas que los agricultores requieren para producir continuaron mostrando una tendencia hacia el deterioro, pues: el crédito fue limitado, la renegociación de las deudas bancarias fue lenta, la asistencia técnica escasa y los precios de los productos no permitieron a los agricultores recuperar los costos de la inversión en que habían incurrido. SM/EB | ||
| 650 | |a MOVIMIENTOS CAMPESINOS | ||
| 650 | |a POLITICA AGRARIA | ||
| 650 | |a MERCADO INTERNO | ||
| 650 | |a EXPORTACIONES | ||
| 650 | |a IMPORTACIONES | ||
| 650 | |a CREDITO | ||
| 650 | |a CONDICIONES DE VIDA | ||
| 773 | |g número 28; páginas 16-21 | ||
| 999 | |c 38630 |d 38630 | ||
